|
|
|
|
| LEADER |
00000nas a2200000 a 4500 |
| 001 |
ssj0000396954 |
| 003 |
WaSeSS |
| 005 |
20200512172242.0 |
| 006 |
m d |
| 007 |
cr n |
| 008 |
100427c20079999bl uu p s 0 0eng c |
| 010 |
|
|
|a 2010233932
|
| 035 |
|
|
|a (WaSeSS)ssj0000396954
|
| 037 |
|
|
|a 22573/ctt1hpvcz7
|b JSTOR
|
| 040 |
|
|
|a OCLCS
|b eng
|c OCLCS
|d OCLCS
|d OCLCQ
|d GUA
|d CUS
|d OCLCQ
|d OCLCF
|d OCLCQ
|d OCLCO
|d OCLCQ
|d TEF
|d AU@
|d MOU
|d VT2
|d WaSeSS
|
| 042 |
|
|
|a pcc
|
| 050 |
1 |
4 |
|a TA170
|
| 082 |
0 |
4 |
|a 628
|2 23
|
| 245 |
0 |
0 |
|a Journal of urban and environmental engineering
|h [electronic resource].
|
| 246 |
1 |
|
|a JUEE
|
| 260 |
|
|
|a Brazil :
|b University of Paraiba
|
| 310 |
|
|
|a Two issues a year
|
| 362 |
1 |
|
|a Began with v. 1, no. 1 (2007).
|
| 506 |
|
|
|a License restrictions may limit access.
|
| 538 |
|
|
|a Mode of access: World Wide Web.
|
| 588 |
|
|
|a Description based on: Vol. 1, no. 1 (2007); title from journal homepage (publisher's Web site, viewed Sept. 14, 2010).
|
| 588 |
|
|
|a Latest issue consulted: Vol. 3, no. 2 (2009), (viewed Sept. 14, 2010).
|
| 650 |
|
0 |
|a Environmental engineering
|v Periodicals.
|
| 650 |
|
7 |
|a Environmental engineering.
|2 fast
|0 (OCoLC)fst00912934
|
| 655 |
|
0 |
|a Electronic journals.
|
| 710 |
2 |
|
|a Universidade Federal da Paraíba.
|
| 856 |
4 |
0 |
|z Full text available from Research Library: 01/01/2009 to present
|u https://search.proquest.com/publication/75971
|